| 000 | 00396nam a2200169Ia 4500 | ||
|---|---|---|---|
| 008 | 221030s9999 xx 000 0 und d | ||
| 020 | _a0074603078 | ||
| 041 | _aEnglish | ||
| 082 |
_a105.23 _bRao |
||
| 100 | _aT. S. M. Rao | ||
| 245 | 0 |
_aPower System Protection Static Relays _cby T. S. M. Rao |
|
| 250 | _a2nd | ||
| 260 |
_bTMH _aNew Delhi _c2006 |
||
| 300 | _a2nd | ||
| 650 | _aEE | ||
| 942 | _cBK | ||
| 999 |
_c14 _d14 |
||